Famous Fictional Bears Quiz Stats

Quiz Updated Oct 8, 2014

Challenge
Share
Tweet
Score 0/16 Timer 05:00
0 Plays Today
Number Bear % Correct
Winnie the Pooh
98.9%
Yogi Bear
93.1%
Ted
85.2%
Baloo
78.5%
Tenderheart Bear
78.4%
Paddington Bear
75.4%
Smokey Bear
72%
Fozzie Bear
70.2%
Number Bear % Correct
Boo Boo Bear
66.5%
The Charmin Bear
64.5%
Little John
61.3%
The Berenstain Bears
58.3%
Corduroy Bear
39.4%
Little Bear
36.2%
Lotso
32.9%
Rupert Bear
26%

You're not logged in!

Compare scores with friends on all Sporcle quizzes.
Sign Up with Email
OR
Log In

You Might Also Like...

Show Comments

Extras

Top Quizzes Today


Score Distribution

Your Account Isn't Verified!

In order to create a playlist on Sporcle, you need to verify the email address you used during registration. Go to your Sporcle Settings to finish the process.